| 000 | 00814nam a2200241Ia 4500 | ||
|---|---|---|---|
| 003 | GCL | ||
| 008 | 140319s9999 xx 000 0 ara d | ||
| 020 | _a161208977 | ||
| 040 |
_aGCL / _cGCL |
||
| 082 | 0 | 4 |
_aق _b299.31 _bهـ د |
| 100 | 1 | _aمحمود ماهر طه | |
| 245 | 1 | 0 |
_aديانة مصر الفرعونية الوحدانية والتعددية / _cمحمود ماهر طه |
| 700 | 1 | _aهورنونج ، اريك | |
| 700 | 1 | _aمصطفى ابوالخير | |
| 260 |
_aالقاهرة : _bمكتبة مدبولى ، _c1995 |
||
| 300 |
_a391 ص ؛ _c24 سم |
||
| 650 | 0 | 4 | _aالديانات |
| 650 | 0 | 4 | _aالدين |
| 650 | 0 | 4 | _aالديانات القديمة |
| 650 | 0 | 4 | _aالديانات المصرية القديمة |
| 650 | 0 | 4 | _aمصر القديمة - تاريخ |
| 942 |
_2ddc _cBK |
||
| 999 |
_c48090 _d48090 |
||